Southville International School and Colleges
Your cart is empty.
  • Cart
  • Lists
    Public lists Eva Luna New books Lux_list list_1
    Your lists Log in to create your own lists
  • Log in to your account
  • Your cookies
  • Search history
Southville International School and Colleges
  • Advanced search
  • Recent comments
  • Most popular
  • Libraries

Log in to your account

Log in with GOOGLE


If you do not have an external account, but do have a local account, you can still log in:

  1. Home
  2. MARC view: Standing to outstanding :
Normal view MARC view ISBD view

Standing to outstanding : (Record no. 367578)

[ view plain ]
MARC details
000 -LEADER
fixed length control field 00795nam a22002297a 4500
003 - CONTROL NUMBER IDENTIFIER
control field 0
005 - DATE AND TIME OF LATEST TRANSACTION
control field 20250822142805.0
008 - FIXED-LENGTH DATA ELEMENTS--GENERAL INFORMATION
fixed length control field 250822b xxu||||| |||| 00| 0 eng d
020 ## - INTERNATIONAL STANDARD BOOK NUMBER
International Standard Book Number 978-621-8042-67-4
050 ## - LIBRARY OF CONGRESS CALL NUMBER
Classification number HF 5415.127
Item number .B35 2025
100 ## - MAIN ENTRY--PERSONAL NAME
Personal name Balita, Carl E.,
Relator term author.
245 ## - TITLE STATEMENT
Title Standing to outstanding :
Remainder of title a framework for meaningful personal branding /
Statement of responsibility, etc Dr. Carl E. Balita, Mr. Adrian Tabalanza & Atty. Lyca Balita.
260 ## - PUBLICATION, DISTRIBUTION, ETC. (IMPRINT)
Place of publication, distribution, etc Sampaloc, Manila :
Name of publisher, distributor, etc QUARTERS / ULS,
Date of publication, distribution, etc 2025.
300 ## - PHYSICAL DESCRIPTION
Extent 222 pages :
Other physical details illustrations ;
Dimensions 22 cm.
650 ## - SUBJECT ADDED ENTRY--TOPICAL TERM
Topical term or geographic name as entry element Personal branding (Marketing).
650 ## - SUBJECT ADDED ENTRY--TOPICAL TERM
Topical term or geographic name as entry element Self-presentation.
650 ## - SUBJECT ADDED ENTRY--TOPICAL TERM
Topical term or geographic name as entry element Career development.
650 ## - SUBJECT ADDED ENTRY--TOPICAL TERM
Topical term or geographic name as entry element Success in business.
700 ## - ADDED ENTRY--PERSONAL NAME
Personal name Tabalanza, Adrian,
Relator term author.
700 ## - ADDED ENTRY--PERSONAL NAME
Personal name Balita, Lyca,
Relator term author.
942 ## - ADDED ENTRY ELEMENTS (KOHA)
Source of classification or shelving scheme Library of Congress Classification
Koha item type Books
Holdings
Withdrawn status Lost status Source of classification or shelving scheme Damaged status Home library Current library Shelving location Date acquired Source of acquisition Total Checkouts Total Renewals Full call number Barcode Checked out Date last seen Date checked out Price effective from Koha item type
    Library of Congress Classification   College Library College Library Filipiniana Section 06/04/2025 Donation 1 2 HF 5415.127 .B35 2025 C24734 01/29/2026 08/29/2025 08/29/2025 08/22/2025 Books

Standing to outstanding :

APA

Balita C. E., Tabalanza A. & Balita L. (2025). Standing to outstanding. Sampaloc, Manila: QUARTERS / ULS.

Chicago

Balita Carl E, Tabalanza Adrian and Balita Lyca. 2025. Standing to outstanding. Sampaloc, Manila: QUARTERS / ULS.

Harvard

Balita C. E., Tabalanza A. and Balita L. (2025). Standing to outstanding. Sampaloc, Manila: QUARTERS / ULS.

MLA

Balita Carl E, Tabalanza Adrian and Balita Lyca. Standing to outstanding. Sampaloc, Manila: QUARTERS / ULS. 2025.

  • Place hold
  • Print
  • Cite
  • Add to your cart (remove)
  • Save record
    BIBTEX Dublin Core MARCXML MARC (non-Unicode/MARC-8) MARC (Unicode/UTF-8) MARC (Unicode/UTF-8, Standard) MODS (XML) RIS
  • More searches
    Search for this title in:
    Other Libraries (WorldCat) Other Databases (Google Scholar) Online Stores (Bookfinder.com) Open Library (openlibrary.org)

Exporting to Dublin Core...

SOUTHVILLE LIBRARY

Southville International School and Colleges Library

1281 Tropical Ave. Cor. Luxembourg St., BF Homes International, Las Pinas City

Tel. No. 8256374 / 252358 Loc. 117/146

Powered by Koha